000 00463nam a22001697a 4500
005 20251108171957.0
008 250721s1987 xx 000 0 ara d
082 1 4 _a616.9/نجي
100 1 _aالكيلاني، نجيب
245 1 0 _aقصة الإيدز ذلك الخطر الداهم /
250 _aط2
264 1 _aبيروت :
_bمؤسسة الرسالة،
_c1987.
300 _a125ص
650 1 7 _aالإيدز
942 _2ddc
_cBK
999 _c67404
_d67404